000
002600000a22000970004500
100
1
_a
Smith, Gary V.
245
1
0
_a
Job 4:18-21 : Is it Eliphaz's vision?
300
_a
Vol. 40, Num. 4 (Octubre, 1990), Páginas 453-463
773
0
_t
Vetus Testamentum
942
_c
ANA
999
_c
57638
_d
57638